000 01302nam a2200337 a 4500
001 000114358
003 CHAP
005 20220329144437.0
008 180115s2017 mx a fsm |||||||spa d
010 _a110819
011 _a111791
040 _cCHAP
090 _aTesis
100 1 _aGonzález Espíritu, David Abel
_9134351
245 1 0 _aRendimiento y sus componentes en dos variedades de jitomate, con diferentes arreglos de plantas en dosel en forma de escalera /
_h[En línea]
_cpor David Abel González Espiritu y Juvenal Pablo Santiago.
260 _aChapingo, Méx. :
_bEl autor,
_c2017.
500 _aPara ver el contenido del material haga clic en la liga
502 _aTesis ( Agrónomo en Horticultura Protegida) -- UACH. Departamento de Fitotecnia
590 _aE8697GMM
_b05
_c20180115
_lUCH01
_h1451
590 _aE8697GMM
_b05
_c20180115
_lUCH01
_h1453
590 _aE8697GMM
_b05
_c20180116
_lUCH01
_h1131
650 1 4 _aTomate
_xCalidad.
_9113692
650 1 4 _aTomate
_xDensidad de siembra.
_9132811
650 1 4 _aTomate
_xRendimiento.
_9113761
650 1 4 _aTomate
_xSistemas de Producción.
_9113767
700 1 _aPablo Santiago, Juvenal
_9134352
856 _aFinding aid
_uhttp://10.13.5.2/tesis/sist114358.pdf
_zTeclea aquí
901 _aBK
942 _cTESIS
942 _n0
999 _c110819
_d110819